00724nam a22001695i 4500001000700000003000900007005001700016008004100033040002000074100004000094245008500134260008700219300002100306500008000327752002500407852012200432164046ES-MaACL20250915063059.0021008s1894 sp |||| | cat d aCAM bspa cCAM1 aRovira y Serra, Manuel, d1865-192910aCarlos I b: comedia en un acte y en prosa / coriginal de Manel Rovira y Serra. aBarcelona : b[Arxiu de Joan Molas y Casas], c1894 (fImprempta de Henrich y cª) a44 p. ; c21 cm. aEstrenada en el Teatro Romea de Barcelona el día 24 de noviembre de 1893. aMadrid - dBarcelona aES-MaACLjG-3518(5) z-- Enc. tela roja con hierros dorados, falto de la cub. original z-- Enc. en un vol. facticio.